MDQL
is popping MORE tags! Check the
thread
!
Quizzes
Events
Quiz Creation
Community
Videos
Private Events
Remove Ads
Sign In
Join for FREE
Feedback
Dark Mode
Quiz Categories
Sports
Geography
Music
Movies
Television
Just For Fun
Miscellaneous
History
Literature
Language
Science
Gaming
Entertainment
Religion
Holiday
For Kids
Quiz Lab
Recent
Popular Today
Quiz Kudos Today
Editor Picks
Curator Picks
Quizzes by...
Day
Popularity
Type
Ratings
Length
Year
Community
Subscriptions
Recent Discussions
Orange Saloon
Badges
Playlists
Quests
Create
Leaderboards
Showdown
Live 5
Trivia Bingo
Activity
Puzzle Library
Sporcle Events
Private Events
Virtual Trivia
Globe League
Become a Host
Pub Owners
SporcleCon
Opinionation
Our Games
Videos
Blog
Mobile Apps
Partnerships
Remove Ads and Go Orange
Feedback
Sports
Athletes
MLB
NBA
NHL
NFL
Soccer
Sports Teams
WWE
NCAA
Football
Premier League
Basketball
Baseball
Hockey
Golf
Tennis
Cricket
Rugby
Auto Racing
Olympics
World Cup
Sports
Athletes
MLB
NBA
NHL
NFL
Soccer
Sports Teams
WWE
NCAA
Football
Premier League
Basketball
Baseball
Hockey
Golf
Tennis
Cricket
Rugby
Auto Racing
Olympics
World Cup
Random Quiz
Search Sporcle
×
Quiz Lab
Quiz Lab
Sports
NFL
Type in answers that appear in a list
Type in answers that appear in a list
Classic
Best Score? Go Orange.
NFL Top 3 RB Stats
Can you name the top 3 rushers for each NFL franchise? (updated thru 2017)
By
madwriter29
10m
96 Questions
573 Plays
573 Plays
573 Plays
Comments
Comments
Give Quiz Kudos
Give Quiz Kudos
-
- Ratings
hide this ad
More Info
Replay
Link that replays current quiz
Next Quiz
Link to next quiz in quiz playlist
You Got
0%
They Got
Avg Score
61%
Avg Friend Score
Upgrade to see
Score Distribution
Jump to the score distribution portion of the page
Score
0/96
Timer
10:00
0
Plays Today
Team, Rank, Years
Player Name
% Correct
Dallas
Emmitt Smith
99%
Minnesota
Adrian Peterson
98.4%
Miami
Ricky Williams
95.5%
NY Giants
Tiki Barber
94.2%
Miami
Ronnie Brown
94.1%
Cleveland
Jim Brown
94.1%
Houston
Arian Foster
94.1%
Carolina
Jonathan Stewart
93.9%
Cincinnati
Rudi Johnson
93.9%
Washington
Larry Brown
93.7%
Los Angeles Chargers
LaDainian Tomlinson
93.7%
Detroit
Barry Sanders
93.4%
Seattle
Shaun Alexander
92.7%
Green Bay
Ahman Green
90.9%
Indianapolis
Marshall Faulk
90.8%
Denver
Terrell Davis
90.8%
Pittsburgh
Jerome Bettis
90.6%
Indianapolis
Edgerrin James
90.4%
Kansas City
Priest Holmes
90.4%
Chicago
Walter Payton
90.2%
Los Angeles Rams
Marshall Faulk
90.2%
Baltimore
Jamal Lewis
89.7%
Los Angeles Rams
Eric Dickerson
89.5%
Jacksonville
Fred Taylor
88.7%
Washington
Clinton Portis
88.5%
Green Bay
Jim Taylor
88.3%
Buffalo
Thurman Thomas
88%
NY Jets
Curtis Martin
87.6%
Kansas City
Jamaal Charles
87.4%
Tampa Bay
Warrick Dunn
85.9%
Tennessee
Eddie George
84.6%
Philadelphia
Wilbert Montgomery
83.6%
Team, Rank, Years
Player Name
% Correct
Jacksonville
Maurice Jones-Drew
83.2%
Pittsburgh
Willie Parker
82.9%
New Orleans
Deuce McAllister
82.4%
Pittsburgh
Franco Harris
82.2%
Minnesota
Chuck Foreman
82%
Cincinnati
Corey Dillon
81.3%
Los Angeles Rams
Steven Jackson
80.8%
Baltimore
Ray Rice
80.8%
Chicago
Matt Forte
80.1%
Houston
Domanick Williams
80.1%
Baltimore
Willis McGahee
78.9%
Arizona
Ottis Anderson
78.7%
Oakland
Marcus Allen
78.5%
Atlanta
William Andrews
78.2%
Dallas
Tony Dorsett
77.7%
Washington
John Riggins
74.3%
Buffalo
OJ Simpson
74.3%
Tampa Bay
Mike Alstott
72.4%
Carolina
DeAngelo Williams
71.4%
Tennessee
Earl Campbell
70.2%
Miami
Larry Csonka
69.1%
Jacksonville
James Stewart
61.8%
Tennessee
Chris Johnson
58.3%
Kansas City
Larry Johnson
56.9%
San Francisco
Joe Perry
56.2%
NY Giants
Joe Morris
52.2%
Philadelphia
LeSean McCoy
47.6%
Seattle
Curt Warner
47.1%
Detroit
Billy Sims
45%
Seattle
Chris Warren
43.3%
Atlanta
Gerald Riggs
42.9%
Minnesota
Robert Smith
42.1%
Team, Rank, Years
Player Name
% Correct
NY Giants
Rodney Hampton
41.4%
San Francisco
Frank Gore
40.7%
New Orleans
Mark Ingram
40.1%
NY Jets
Freeman McNeil
37.5%
Philadelphia
Brian Westbrook
36%
Tampa Bay
James Wilder
33.3%
Los Angeles Chargers
Marion Butts
32.8%
Atlanta
Michael Turner
32.6%
New England
Sam Cunningham
32.6%
Houston
Ben Tate
32.5%
Buffalo
Fred Jackson
31.8%
Cincinnati
James Brooks
29.8%
Carolina
Cam Newton
28.1%
Denver
Floyd Little
27.6%
Arizona
Stump Mitchell
23.4%
Indianapolis
Lydell Mitchell
23.4%
New Orleans
Dalton Hilliard
22.7%
Chicago
Neal Anderson
22.2%
Cleveland
Leroy Kelly
20.8%
Cleveland
Mike Pruitt
19.9%
Denver
Sammy Winder
19.9%
New England
Jim Nance
19.4%
San Francisco
Roger Craig
18.5%
Oakland
Mark van Eeghen
17.5%
NY Jets
Emerson Boozer
14.8%
Green Bay
John Brockington
13.6%
New England
Tony Collins
11%
Arizona
Jim Otis
9.2%
Dallas
Don Perkins
8.2%
Oakland
Clem Daniels
5.8%
Detroit
Dexter Bussey
5.6%
Los Angeles Chargers
Paul Lowe
4.9%
Quiz Playlist
Details
Report
Send in Message
Add To Playlist
More Info:
The years & yardage hints are the time spent with that franchise specifically, not a player's career total.
Classic:
Type in answers that appear in a list
Quiz Source
Last Updated: Feb 21, 2018
Quiz Scoreboard
CHALLENGE
Sign Up to Join the Scoreboard
Show All
Scores
Hide
Comments
May contain spoilers
Recently Published
1-10 Letter E Words III
by El_Dandy
Language
2m
Street Fighter Characters
by Artimus82
Gaming
60s
College Basketball Coaching Resumes
by pancakes188
Sports
9m
More to Explore
Quiz From the Vault
Featured Blog Post
Where Did the Easter Bunny Come From?
hide this ad
You Might Also Like...
Tags
NFL Quiz
Franchise Leaders
Rushing Leaders
Today's Top Quizzes in Sports
Browse Sports
hide this ad
Today's Top Quizzes in NFL
Browse NFL
Top Contributed Quizzes in Sports
1
2022 World Cup Stars
2
Les meilleurs buteurs des matchs entre le PSG et l’OM
3
FIFA Club World Cup Champions
4
Les entraîneurs de l'OM et du PSG au 21e siècle
5
Criteria MLB: Left Handed Sluggers
6
2023 MLB Unique Player Accomplishments
7
AFC Teams Reveal (Wrong Answers Minefield)
8
Players with Multiple 50 Home Run Seasons
9
5-to-1: FBS Animal Nicknames
10
5-to-1: UK Sports Teams
Explore More
Trending Topics
Marvel
Anime
Kpop
Crossword
Disney
NBA
Harry Potter
Country
WWE
Pokémon
Song
The Office
NFL
Puzzle
Soccer
hide this ad
More By:
madwriter29
Quiz
Plays
Rating
Category
Featured
Created
NFL Top 3 RB
573
4.83
Sports
May 11, 2010
Common NFL Scores
272
3.50
Sports
Sep 24, 2010
Colleges produce NFL #1 pick
133
3.60
Sports
Feb 21, 2018
Go to Creator's Profile
Score Distribution
Quiz Creator Spotlight
madwriter29
Follow
Send a Message
Quizzes Created
-
Created Quiz Play Count
-
More By This Creator
Popular Quizzes Today
1
Find the US States - No Outlines Minefield
2
Find the Countries of Europe - No Outlines Minefield
3
The Countries of the World
4
Find the US States
5
Risky Map Clicking: Biggest States A-Z
6
US States
7
Popular People in 1961
8
Movies - When Are They Set?
More Sports Quizzes
Wrestling Promo Cryptogram II
Curator's Pick
Trending Quizzes
Risky Map Clicking: Least Populous States A-Z
1-10 Letter G Words
USA Borders Longest to Shortest
1-10 Letter F Words
Countries of the World: 200 Million BC
Recently Updated
Leaping Animals
pecheneg
Reality TV Shows (A-Z)
bhenderson79
Rickey Henderson's Hall of Fame Teammates
pecheneg
Champions League XIs: Arsenal
pecheneg
Quick Pick: Celebrities in WWE's Hall of Fame
aduchscher
A-Z Keypad Blitz II
pecheneg
Multiple Oscar Actors
pecheneg
Mystery Phrase Blitz: Oscar 'Best Actors'
pecheneg
F. Scott Fitzgerald Novels
LTH
Pick 3 Villains
ddd62291
Trending Topics
Kpop
Disney
Anime
Crossword
Harry Potter
NBA
Marvel
Soccer
Pokémon
Puzzle
Song
Country
The Office
NFL
WWE
Your Account Isn't Verified!
In order to create a playlist on Sporcle, you need to verify the email address you used during registration. Go to your
Sporcle Settings
to finish the process.
Report this User
Report this user for behavior that violates our
Community Guidelines
.
Details:
Send Report
Go to the Sporcle.com Mobile Site →
Comments